| 000 | 00677 a2200169 4500 | ||
|---|---|---|---|
| 003 | Nust | ||
| 005 | 20221207125436.0 | ||
| 040 | _cNust | ||
| 082 | _a297.124,SHE | ||
| 100 |
_aAli,Zaheer _9104342 |
||
| 245 |
_aThe Areba 'Een _b40 Ahadith of Imam Nawawi / _cZaheer Ali |
||
| 260 |
_aKarachi _bDarul Ishaat _c1998 |
||
| 300 | _a175:p.; | ||
| 505 | _aThe Way Of The Mujahideen (Page-18), Censure For Ostentation (Page-21), Some Signs Of Qayaamah (Page-29), Medition Upon One’s Origin (Page-34), Avoidance Of Doubtful Things (Page-55),Hayya (Page-80), Salaat Of Din (Page-120), The Reward Of Tilaawat (Page-161). | ||
| 650 |
_aAhadith _9104343 |
||
| 942 |
_2ddc _cBK _k297.124,SHE |
||
| 999 |
_c185372 _d185372 |
||